000 00831nam a22002892a 4500
999 _c7703
_d7703
001 7703
003 BD - JhCC
005 20200121134008.0
008 500101s1959 nyua b 000 0 eng d
035 _a(BD - JhCC)7703
040 _aDLC
_cDLC
_dEQO
_dBD - JhCC
041 _aeng
050 0 _aLB3430
_b.K2
082 _a371.71
_bKAP 1959
100 1 _aKaplan, Louis,
_d1914-
245 0 0 _aMental health and human relations in education /
_cLouis Kaplan,
260 _aNew York :
_bHarper,
_c[1959]
300 _a476 p.
_billus.
_c22 cm
490 1 _aEducation for living series
504 _aIncludes bibliography
650 0 _aChild mental health
_xEvaluation
650 0 _aInterpersonal relations
650 0 _aEducational counseling
830 0 _aEducation for living series
942 _2ddc
_cBK
_01